00378nam a2200181Ia 4500003000900000008004100009040001300050040001300063041000800076100001400084245003700098250001400135260001100149260000900160300001100169300001000180490000600190IT-RoPAU120407s9999 xx 000 0 und d aIT-RoPAU cIT-RoPAU aesp aA. Hamman aEl bautismo y la confirmaciòn. aBarcelona aHerder c1970 a237 p. c21 cm v1